000 00885nam a2200265 a 4500
001 BRL_1155
005 20190320211048.0
008 201113s1954----sp-a######---#000-0#spa-#
041 _aspa
044 _asp
050 4 _aPN1995
_b.L56 1954
100 1 _aLindgren, Ernest
_925956
245 1 0 _aEl arte del cine
_bNotas para una valoración crítica del cine
_cpor Ernest Lindgren ; traducida al español de la segunda edición inglesa por María Teresa Oyarzun.
260 _aMadrid
_bArtola Editor
_c1954
300 _a232 p.
_bil.
_c22 cm.
500 _aAu1380
500 _aTraducción de: The art of the film
504 _aBibliografía: p. 219-220
650 1 4 _aImágenes en movimiento
_925957
650 1 4 _aCine
_xHistoria
_925958
650 1 4 _aCinematografía
_xTécnicas de cine
_925959
700 1 _aOyarzun, María Teresa
_etr.
_925960
902 _aGRL
942 _2lcc
_cB
999 _c9967
_d9967